| 000 | 01208cam a2200337 a 4500 | ||
|---|---|---|---|
| 001 | 814 | ||
| 005 | 20230908151439.0 | ||
| 020 | _a0439371163 | ||
| 040 |
_aDLC _cDLC _dDLC _beng |
||
| 050 | 0 | 0 |
_aPZ7.O81167 _bEar 2001 |
| 082 | 0 | 0 |
_aFic _221 |
| 100 | 1 | _aOsborne, Mary Pope. | |
| 245 | 1 | 0 |
_aEarthquake in the early morning / _cby Mary Pope Osborne ; illustrated by Sal Murdocca. |
| 250 | _aFirst Scholastic printing, January 2002 | ||
| 260 |
_aNew York : _c2001 |
||
| 300 |
_a72 pages : _billustrations ; _c20 cm |
||
| 490 |
_aMagic Tree House _vBook 24 |
||
| 500 | _a"Stepping stone." | ||
| 505 | _aN | ||
| 520 | _aThe magic tree house takes Jack and Annie to San Francisco in 1906, in time for them to experience one of the biggest earthquakes the United States had ever known. | ||
| 521 |
_a590
_bLexile |
||
| 521 |
_aN
_bRaz-Plus |
||
| 650 | 0 |
_aEarthquakes _zCalifornia _zSan Francisco _vFiction. |
|
| 650 | 1 |
_aEarthquakes _zCalifornia _zSan Francisco _vFiction. |
|
| 650 | 1 |
_aTime travel _vFiction. |
|
| 650 | 1 |
_aMagic _vFiction. |
|
| 650 | 1 |
_aTree houses _vFiction. |
|
| 700 | 1 |
_aMurdocca, Sal _eillustrator |
|
| 906 |
_a7 _bcbc _corignew _d1 _eocip _f20 _gy-gencatlg |
||
| 942 |
_2ddc _cBK _n0 |
||
| 999 |
_c814 _d814 |
||